Church Commissioners for England v Nationwide Anglia Building Society (Record no. 24303)

MARC details
000 -LEADER
fixed length control field 01416cab a2200229 4500
001 - CONTROL NUMBER
control field E2143
008 - FIXED-LENGTH DATA ELEMENTS--GENERAL INFORMATION
fixed length control field 090401t1994 xxu||||| |||| 00| 0 eng d
035 ## - SYSTEM CONTROL NUMBER
System control number (Sirsi) u37724
041 ## - LANGUAGE CODE
Language code of text/sound track or separate title eng
245 ## - TITLE STATEMENT
Title Church Commissioners for England v Nationwide Anglia Building Society
260 ## - PUBLICATION, DISTRIBUTION, ETC.
Date of publication, distribution, etc. 1994
350 ## - PRICE (NR) (BK AM CF MU VM SE) [OBSOLETE]
Price 0
490 ## - SERIES STATEMENT
Series statement Scots Law Times
Volume/sequential designation 1994 SLT 897-900(4)
520 ## - SUMMARY, ETC.
Summary, etc. Landlord and tenant - lease tenants intimating intention to vacate premises in breach of provision obligating tenants to keep premises open for business throughout period of tenancy - whether interim interdict restraining tenant from vacating premises competent. Interdict - competency - tenants intimating intention to vacate premises in breach of provision obliging tenants to keep premises open for business throughout period of tenancy - whether interim interdict restraining tenant from vacating premises competent. Interdict - interim interdict - balance of convenience - tenants vacating premises in shopping centre - hardship to landlords averred to consist of diminution in value of whole shopping centre - whether terms of interdict too vague. Outer House. Lord Clyde. 2 April 1993.
650 ## - SUBJECT ADDED ENTRY--TOPICAL TERM
Topical term or geographic name entry element COMMERCIAL LEASES
650 ## - SUBJECT ADDED ENTRY--TOPICAL TERM
Topical term or geographic name entry element INTERIM INTERDICT
650 ## - SUBJECT ADDED ENTRY--TOPICAL TERM
Topical term or geographic name entry element LANDLORD AND TENANT
9 (RLIN) 6252
650 ## - SUBJECT ADDED ENTRY--TOPICAL TERM
Topical term or geographic name entry element SHOPPING CENTRES
690 ## - LOCAL SUBJECT ADDED ENTRY--TOPICAL TERM (OCLC, RLIN)
Topical term or geographic name as entry element LANDLORD AND TENANT-CASE LAW-BUSINESS TENANCIES
942 ## - ADDED ENTRY ELEMENTS (KOHA)
Suppress in OPAC 0
948 ## - LOCAL PROCESSING INFORMATION (OCLC); SERIES PART DESIGNATOR (RLIN)
c (OCLC) 04/03/1997
Holdings
Withdrawn status Lost status Source of classification or shelving scheme Damaged status Not for loan Home library Current library Shelving location Date acquired Total Checkouts Full call number Barcode Date last seen Copy number Price effective from Koha item type
    Dewey Decimal Classification     London London Journal article 14/09/1999   E2143 37724-1001 06/08/2019 1 06/08/2019 Law report